| 000 | 00457pab a2200157 454500 | ||
|---|---|---|---|
| 008 | 180718b2000 xxu||||| |||| 00| 0 eng d | ||
| 100 | _aChristensen, Mark | ||
| 245 | _aA value for money pathway: a two country case study of performance reporting | ||
| 260 | _c2000 | ||
| 300 | _ap.433-49 | ||
| 362 | _aSep | ||
| 650 | _aPublic administration | ||
| 700 | _aYoshimi, Hiroshi | ||
| 773 | _aInternational Review of Administrative Sciences | ||
| 909 | _a46617 | ||
| 999 |
_c46617 _d46617 |
||